Nazwy wariantów koronawirusa - Statystyki

Ogólne statystyki
  • Ten quiz został rozwiązany 53 razy
  • Średni wynik to 4 z 7
Statystyki odpowiedzi
Państwo wykrycia Wariant % Poprawnych
Południowa Afryka Wariant Omikron
98%
Indie Wariant Delta
87%
Południowa Afryka Wariant Beta
61%
Wielka Brytania Wariant Alfa
59%
Brazylia / Japonia Wariant Gamma
57%
Indie Wariant Kappa
13%
Peru Wariant Lambda
11%
Nie znaleziono quizów pasujących do podanych kryteriów
Rozkład punktacji
Procent ludzi z każdym wynikiem
Percentyl według liczby udzielonych odpowiedzi
Twoja historia wyników
Nie rozwiązałeś tego quizu